Ionizing radiation-stimulated diffusion and desorption of hydrogen from metals; Russian Journal of Physical Chemistry A; Vol. 85, № 6

Bibliografische gegevens
Parent link:Russian Journal of Physical Chemistry A.— , 1930-
Vol. 85, № 6.— 2011.— P. 1047-1053
Hoofdauteur: Tyurin Yu. I. Yuri Ivanovich
Andere auteurs: Nikitenkov N. N., Larionov V. V. Vitaliy Vasilyevich
Samenvatting:The processes of hydrogen diffusion from a sample depth activated by electrons with an energy of tens of keV are studied. The difference from the known models of electron-stimulated desorption, which consider as a rule electron energies from 0.5 to several keV, is noted. The proposed model is shown to correspond to at least two established experimental facts: the nonlinear dependence of hydrogen isotope desorption on the electron beam current density affecting the sample and the dependence of hydrogen desorption on the irradiation time of the sample.
В фонде НТБ ТПУ отсутствует
Taal:Engels
Gepubliceerd in: 2011
Onderwerpen:
Formaat: Hoofdstuk
KOHA link:https://koha.lib.tpu.ru/cgi-bin/koha/opac-detail.pl?biblionumber=598811

MARC

LEADER 00000naa0a2200000 4500
001 598811
005 20250401112108.0
035 |a (RuTPU)RU\TPU\tpu\22609 
035 |a RU\TPU\tpu\22603 
090 |a 598811 
100 |a 20130131d2011 k||y0rusy50 ba 
101 0 |a eng 
102 |a RU 
200 1 |a Ionizing radiation-stimulated diffusion and desorption of hydrogen from metals  |f Yu. I. Tyurin, N. N. Nikitenkov, V. V. Larionov 
320 |a References: p. 1053 (15 tit.) 
330 |a The processes of hydrogen diffusion from a sample depth activated by electrons with an energy of tens of keV are studied. The difference from the known models of electron-stimulated desorption, which consider as a rule electron energies from 0.5 to several keV, is noted. The proposed model is shown to correspond to at least two established experimental facts: the nonlinear dependence of hydrogen isotope desorption on the electron beam current density affecting the sample and the dependence of hydrogen desorption on the irradiation time of the sample. 
333 |a В фонде НТБ ТПУ отсутствует 
461 |t Russian Journal of Physical Chemistry A  |d 1930- 
463 |t Vol. 85, № 6  |v P. 1047-1053  |d 2011 
610 1 |a труды учёных ТПУ 
700 1 |a Tyurin  |b Yu. I.  |c physicist  |c Professor of Tomsk Polytechnic University, Doctor of physical and mathematical sciences (DSc).  |f 1950-  |g Yuri Ivanovich  |3 (RuTPU)RU\TPU\pers\29895  |9 14367 
701 1 |a Nikitenkov  |b N. N. 
701 1 |a Larionov  |b V. V.  |c physicist  |c Professor of Tomsk Polytechnic University, Doctor of Pedagogical Sciences  |f 1945-  |g Vitaliy Vasilyevich  |3 (RuTPU)RU\TPU\pers\30307  |4 070  |9 14653 
801 1 |a RU  |b 63413507  |c 20130131 
801 2 |a RU  |b 63413507  |c 20130206  |g RCR 
942 |c CR